[Event "Open International des Sables d'Olonne"]
[Site "Les Sables d'Olonne ; France"]
[Date "2015.07.13"]
[Round "4.4"]
[White "Swayams, Mishra"]
[Black "Dutreuil, Raphael"]
[Result "1/2-1/2"]
[WhiteElo "2429"]
[BlackElo "2130"]
[PlyCount "101"]
[EventDate "2015.??.??"]

1. d4 Nf6 2. c4 g6 3. Nc3 d5 4. Nf3 Bg7 5. Bf4 O-O 6. e3 c5 7. dxc5 Ne4 8. Rc1
Nd7 9. cxd5 Qa5 10. Nd4 Nxc3 11. bxc3 Nxc5 12. Bc4 e5 13. dxe6 Bxe6 14. Bxe6
Nxe6 15. Nxe6 Bxc3+ 16. Kf1 fxe6 17. Qb3 Qa6+ 18. Kg1 Bf6 19. h3 Rad8 20. Kh2
Rd3 21. Qb1 Rfd8 22. Rc2 R3d5 23. Qb4 e5 24. Bg3 Qb5 25. Qg4 Qd7 26. Qe2 h5 27.
h4 Qb5 28. Qf3 Rf8 29. Rb1 Qd7 30. Qe4 Kg7 31. Rbc1 Rf7 32. Rc7 Qe6 33. f4 Rdd7
34. fxe5 Bd8 35. Rxd7 Rxd7 36. Rf1 Be7 37. a4 Bd8 38. Rb1 b6 39. Rf1 Qd5 40.
Qb1 Qe6 41. Rf4 Bc7 42. Rf6 Qg4 43. Qb2 Re7 44. Rc6 Qxg3+ 45. Kxg3 Bxe5+ 46.
Qxe5+ Rxe5 47. Kf4 Rf5+ 48. Ke4 Ra5 49. Rc4 Kf6 50. Rc6+ Kf7 51. Rc4 1/2-1/2

[Event "Open International des Sables d'Olonne"]
[Site "Les Sables d'Olonne ; France"]
[Date "2015.07.13"]
[Round "4.5"]
[White "Frick, Christoph"]
[Black "Lagarde, Maxime"]
[Result "1/2-1/2"]
[WhiteElo "2217"]
[BlackElo "2544"]
[PlyCount "59"]
[EventDate "2015.??.??"]

1. e4 e6 2. Nc3 d5 3. d3 Nf6 4. e5 Nfd7 5. f4 c5 6. Nf3 Nc6 7. g3 b5 8. Bg2 b4
9. Ne2 f5 10. exf6 Nxf6 11. Neg1 Bd6 12. Nh3 O-O 13. O-O Bd7 14. Re1 Qc7 15.
Bd2 Rae8 16. c3 a5 17. Rc1 h6 18. Nh4 bxc3 19. bxc3 Rb8 20. Rc2 Ne7 21. Qe2 Qc8
22. Bc1 Re8 23. Nf2 Nc6 24. g4 e5 25. f5 e4 26. dxe4 Ne5 27. g5 hxg5 28. Bxg5
Nh7 29. Bf4 Qd8 30. Ng6 1/2-1/2

[Event "Open International des Sables d'Olonne_2"]
[Site "Les Sables d'Olonne ; France"]
[Date "2015.07.14"]
[Round "5.2"]
[White "Lazarev, Vladimir"]
[Black "Le Roux, Jean-Pierre"]
[Result "1/2-1/2"]
[WhiteElo "2371"]
[BlackElo "2572"]
[Annotator "Violeau,Jean-Luc"]
[PlyCount "21"]
[EventDate "2015.??.??"]

1. d4 Nf6 2. c4 e6 3. Nc3 Bb4 4. Qc2 d6 5. a3 Bxc3+ 6. Qxc3 Nbd7 7. Bg5 b6 8.
f3 e5 9. e4 exd4 10. Qxd4 O-O 11. Ne2 {1/2-1/2 Lazarev,V (2371)-Le Roux,J 
(2572)/Sables d'Olonne 2015} 1/2-1/2

[Event "Open International des Sables d'Olonne_2"]
[Site "Les Sables d'Olonne ; France"]
[Date "2015.07.14"]
[Round "5.3"]
[White "Dutreuil, Raphael"]
[Black "Tirard, Hugo"]
[Result "0-1"]
[WhiteElo "2130"]
[BlackElo "2453"]
[Annotator "Violeau,Jean-Luc"]
[PlyCount "70"]
[EventDate "2015.??.??"]

1. d4 Nf6 2. c4 g6 3. g3 Bg7 4. Bg2 O-O 5. Nc3 d6 6. Nf3 Nc6 7. O-O Bf5 8. b3
e5 9. dxe5 dxe5 10. Bb2 Re8 11. Nd5 Nxd5 12. cxd5 Nb4 13. Ne1 e4 14. Bxg7 Kxg7
15. Qd4+ Qf6 16. Qxb4 Qxa1 17. Nc2 Qb2 18. Ne3 b6 19. h4 Rac8 20. Qa4 h5 21.
Rd1 Bg4 22. Bxe4 Bxe2 23. Rb1 Qc3 24. Bg2 a5 25. d6 cxd6 26. Nd5 Qd3 27. Ra1
Bf3 28. Bxf3 Qxf3 29. Qd4+ f6 30. Nf4 Qc3 31. Qd1 Rc5 32. Rb1 Qc2 33. Qf1 Rce5
34. Kg2 Qe4+ 35. Kg1 Qxb1 {0-1 Dutreuil,R (2130)-Tirard,H (2453)/Sables
d'Olonne 2015} 0-1

[Event "Open International des Sables d'Olonne_2"]
[Site "Les Sables d'Olonne ; France"]
[Date "2015.07.14"]
[Round "5.4"]
[White "Colin, Vincent"]
[Black "Swayams, Mishra"]
[Result "1/2-1/2"]
[WhiteElo "2382"]
[BlackElo "2429"]
[Annotator "Violeau,Jean-Luc"]
[PlyCount "141"]
[EventDate "2015.??.??"]

1. e4 e5 2. Nf3 Nc6 3. Bc4 Nf6 4. d3 Be7 5. O-O O-O 6. Bb3 d6 7. c3 Na5 8. Bc2
c5 9. a3 Nc6 10. b4 a6 11. Bb2 Re8 12. Nbd2 b5 13. d4 cxd4 14. cxd4 exd4 15.
Nxd4 Nxd4 16. Bxd4 Bb7 17. f3 Rc8 18. a4 Bc6 19. Rf2 Nd7 20. Nf1 Nb6 21. a5 Nc4
22. Qd3 g6 23. Rd1 d5 24. Ba1 Bf6 25. Bxf6 Qxf6 26. exd5 Rcd8 27. Qd4 Qxd4 28.
Rxd4 Rxd5 29. Rxd5 Bxd5 30. Ng3 Re3 31. Re2 Rc3 32. Ne4 Bxe4 33. Bxe4 Rb3 34.
Bb7 Rxb4 35. Bxa6 Nxa5 36. Re5 Rb1+ 37. Kf2 Rb2+ 38. Kg3 Nc6 39. Rxb5 Ra2 40.
Rb6 Nd4 41. Kh3 Nf5 42. g4 Nd4 43. f4 Rf2 44. Rf6 Ne6 45. Kg3 Rc2 46. Bb7 Rc5
47. h4 h6 48. Kf2 Rc2+ 49. Kg3 Rc3+ 50. Kg2 Rc5 51. Kf2 Kg7 52. g5 Rb5 53. Be4
Nc5 54. Bf3 Rb2+ 55. Kg3 Rb3 56. Kg2 Rd3 57. Rc6 Ne6 58. Rc4 Nd4 59. Be4 Rd2+
60. Kg3 Ne2+ 61. Kf3 Ng1+ 62. Kg3 Ne2+ 63. Kf3 Ng1+ 64. Kg3 Rb2 65. f5 hxg5 66.
hxg5 Rb3+ 67. Kg2 Nh3 68. fxg6 Nf4+ 69. Kf2 Nxg6 70. Bxg6 Kxg6 71. Rc5 {1/2-1/
2 Colin,V (2382)-Swayams,M (2429)/Sables d'Olonne 2015} 1/2-1/2

[Event "Open International des Sables d'Olonne_2"]
[Site "Les Sables d'Olonne ; France"]
[Date "2015.07.14"]
[Round "5.5"]
[White "Lagarde, Maxime"]
[Black "De Lussac, Rainier"]
[Result "1-0"]
[WhiteElo "2544"]
[BlackElo "2065"]
[Annotator "Violeau,Jean-Luc"]
[PlyCount "29"]
[EventDate "2015.??.??"]

1. Nf3 Nf6 2. c4 e6 3. Nc3 d5 4. d4 Bb4 5. Bg5 Nbd7 6. cxd5 exd5 7. e3 h6 8.
Bh4 g5 9. Bg3 Ne4 10. Nd2 Nxg3 11. hxg3 c6 12. Bd3 Qe7 13. Qb3 g4 14. Qc2 h5
15. O-O {==> puis gain blanc au coup 59.} 1-0

[Event "Open International des Sables d'Olonne_2"]
[Site "Les Sables d'Olonne ; France"]
[Date "2015.07.14"]
[Round "5.6"]
[White "Soyer, Jean-Yves"]
[Black "Burri, Quentin"]
[Result "0-1"]
[WhiteElo "2061"]
[BlackElo "2292"]
[PlyCount "70"]
[EventDate "2015.??.??"]

1. Nf3 d5 2. c4 c6 3. g3 Nf6 4. Bg2 Bf5 5. cxd5 cxd5 6. Qb3 Bc8 7. Nc3 Nc6 8.
d4 e6 9. Bf4 Na5 10. Qd1 Bd7 11. Ne5 Rc8 12. O-O Bb4 13. Rc1 O-O 14. Qd3 a6 15.
Bf3 Nc4 16. Nxc4 Rxc4 17. b3 Rc8 18. Bd2 Qe7 19. Nb1 Ba3 20. Nxa3 Qxa3 21. Qb1
Bb5 22. Rxc8 Rxc8 23. Rc1 Rxc1+ 24. Bxc1 Qb4 25. Be3 Ne4 26. Qc1 Bc6 27. Bxe4
dxe4 28. Kf1 Qa5 29. Qc2 h6 30. a4 Qd5 31. Qc3 Qh5 32. Kg1 Qxe2 33. a5 Qd1+ 34.
Kg2 Bb5 35. h4 Bf1+ 0-1

[Event "Open International des Sables d'Olonne_2"]
[Site "Les Sables d'Olonne ; France"]
[Date "2015.07.14"]
[Round "5.7"]
[White "Hutois, Mickael"]
[Black "Lafortune, Emerick"]
[Result "1-0"]
[WhiteElo "2279"]
[BlackElo "2058"]
[PlyCount "81"]
[EventDate "2015.??.??"]

1. e4 d6 2. d4 Nf6 3. Nc3 g6 4. Nf3 Bg7 5. Be3 O-O 6. Qd2 c6 7. Bd3 Nbd7 8.
O-O-O b5 9. e5 b4 10. Ne4 dxe5 11. dxe5 Nd5 12. Bh6 Nxe5 13. Bxg7 Nxd3+ 14.
Qxd3 Kxg7 15. Nd4 Qb6 16. Qc4 Ba6 17. Qxc6 Qxc6 18. Nxc6 Rfc8 19. Nxa7 Rc4 20.
Rxd5 Bb7 21. Nd2 Bxd5 22. Nxc4 Rxa7 23. Ne3 Rxa2 24. Rd1 Ra1+ 25. Kd2 Rxd1+ 26.
Kxd1 Bc6 27. Kd2 e5 28. Kd3 f5 29. Kc4 f4 30. Nd5 g5 31. g3 h5 32. Nxb4 Bb7 33.
Kd3 Kf6 34. c4 Kf5 35. c5 Kg4 36. c6 Bc8 37. Ke4 fxg3 38. hxg3 h4 39. gxh4 gxh4
40. Nd3 Bf5+ 41. Ke3 1-0

[Event "Open International des Sables d'Olonne_2"]
[Site "Les Sables d'Olonne ; France"]
[Date "2015.07.14"]
[Round "5.8"]
[White "Bordais, Benjamin"]
[Black "Dijkhuis, Sven"]
[Result "0-1"]
[WhiteElo "2055"]
[BlackElo "2232"]
[PlyCount "80"]
[EventDate "2015.??.??"]

1. e4 c5 2. Nf3 e6 3. d4 cxd4 4. Nxd4 Nc6 5. Nc3 Qc7 6. Be2 Nf6 7. O-O a6 8.
Be3 Be7 9. f4 d6 10. Qe1 Nxd4 11. Bxd4 b5 12. a3 Bb7 13. Bd3 O-O 14. Qg3 Rad8
15. Rae1 g6 16. f5 e5 17. Be3 Bc6 18. Bh6 Rfe8 19. fxg6 hxg6 20. Qf3 d5 21. Bg5
dxe4 22. Bxe4 Rd6 23. Bxc6 Rxc6 24. Nd5 Bc5+ 25. Kh1 Nxd5 26. Qxd5 Rd6 27. Qb3
Kg7 28. Qh3 f5 29. Qh6+ Kg8 30. Rd1 Ree6 31. h4 Rxd1 32. Rxd1 Bf8 33. Bd8 Qxc2
34. Qd2 Qxd2 35. Rxd2 Rd6 36. Ba5 Rxd2 37. Bxd2 Kf7 38. Kg1 Ke6 39. Kf2 Kd5 40.
Bc3 Bc5+ 0-1

[Event "Open International des Sables d'Olonne_2"]
[Site "Les Sables d'Olonne ; France"]
[Date "2015.07.15"]
[Round "6.1"]
[White "Tirard, Hugo"]
[Black "Riff, Jean-Noel"]
[Result "0-1"]
[WhiteElo "2453"]
[BlackElo "2502"]
[Annotator "Violeau,Jean-Luc"]
[PlyCount "96"]
[EventDate "2015.??.??"]

1. e4 c5 2. Nf3 d6 3. d4 cxd4 4. Nxd4 Nf6 5. Nc3 e6 6. g4 h6 7. Be3 Nc6 8. h3
a6 9. Bg2 Ne5 10. f4 Nc4 11. Bc1 e5 12. Nde2 Qb6 13. g5 Nh5 14. Qd3 Qc6 15. b3
Nb6 16. O-O Nxf4 17. Nxf4 exf4 18. Bxf4 hxg5 19. e5 d5 20. Bxg5 Be6 21. Ne2 Rc8
22. Nd4 Bc5 23. Be3 Bxd4 24. Qxd4 Nd7 25. Rf3 Qc7 26. Bf4 Nf8 27. Rc1 Ng6 28.
c4 dxc4 29. bxc4 Nh4 30. Rd3 Nxg2 31. Kxg2 Bf5 32. Rg3 Qc6+ 33. Kh2 Rd8 34. Qf2
Qe6 35. Bg5 Bxh3 36. Bxd8 Bg4+ 37. Kg1 Qh6 38. Qe1 Qh2+ 39. Kf1 Bh3+ 40. Rxh3
Qxh3+ 41. Kf2 Qh2+ 42. Kf3 Rh3+ 43. Ke4 Qg2+ 44. Kd4 Kxd8 45. Rb1 Kc8 46. Qf1
Qd2+ 47. Kc5 Qe3+ 48. Kd5 Rh5 {0-1 Tirard,H (2453)-Riff,J (2502)/Sables
d'Olonne 2015} 0-1

[Event "Open International des Sables d'Olonne_2"]
[Site "Les Sables d'Olonne ; France"]
[Date "2015.07.15"]
[Round "6.3"]
[White "Come, Alexandre"]
[Black "Lagarde, Maxime"]
[Result "0-1"]
[WhiteElo "2189"]
[BlackElo "2544"]
[Annotator "Violeau,Jean-Luc"]
[PlyCount "90"]
[EventDate "2015.??.??"]

1. Nf3 Nf6 2. b4 g6 3. Bb2 Bg7 4. e3 O-O 5. Be2 a5 6. a3 d6 7. c4 e5 8. d3 e4
9. dxe4 Nxe4 10. Bxg7 Kxg7 11. Qd4+ Qf6 12. b5 Nd7 13. Qxf6+ Kxf6 14. Nd4 Re8
15. f3 Nec5 16. Nc3 Nb6 17. Kd2 Be6 18. Nxe6 fxe6 19. Kc2 d5 20. Rad1 dxc4 21.
Rd4 Kg7 22. Rhd1 e5 23. Rh4 Rad8 24. Rxd8 Rxd8 25. Ne4 Nb3 26. Bxc4 Na1+ 27.
Kb2 Nxc4+ 28. Kxa1 Rd1+ 29. Ka2 Nxe3 30. Ng5 Rd2+ 31. Kb3 Rd3+ 32. Ka2 h5 33.
Ne6+ Kf7 34. Nxc7 Rc3 35. b6 Rc6 36. Re4 Nc4 37. Nb5 Kf6 38. a4 Nxb6 39. Kb3
Nd7 40. Re2 Rc1 41. Rd2 Nc5+ 42. Kb2 Rc4 43. Nd6 Rb4+ 44. Ka3 Rxa4+ 45. Kb2 Ke6
{0-1 Come,A (2189)-Lagarde,M (2544)/Sables d'Olonne 2015} 0-1

[Event "Open International des Sables d'Olonne_2"]
[Site "Les Sables d'Olonne ; France"]
[Date "2015.07.15"]
[Round "6.4"]
[White "Swayams, Mishra"]
[Black "Frick, Christoph"]
[Result "1-0"]
[WhiteElo "2429"]
[BlackElo "2217"]
[Annotator "Violeau,Jean-Luc"]
[PlyCount "79"]
[EventDate "2015.??.??"]

1. d4 d5 2. c4 c6 3. Nf3 Nf6 4. e3 Bg4 5. h3 Bxf3 6. Qxf3 e6 7. Bd3 Nbd7 8. O-O
Bd6 9. Nc3 O-O 10. e4 dxc4 11. Bxc4 e5 12. d5 Qe7 13. dxc6 bxc6 14. Ne2 Nc5 15.
Ng3 Ne6 16. Nf5 Qc7 17. Nxg7 Nxg7 18. Qxf6 Be7 19. Qf3 Qd6 20. Rd1 Qg6 21. Rd7
Bc5 22. Qg4 Rab8 23. Qxg6 hxg6 24. b3 Bd4 25. Rb1 Ne6 26. Bxe6 fxe6 27. Be3
Rfd8 28. Rc7 Rbc8 29. Re7 Re8 30. Rxe8+ Rxe8 31. Rc1 c5 32. Kf1 Re7 33. Ke2 Kf7
34. h4 Rb7 35. Bxd4 cxd4 36. Rc5 Kf6 37. g4 g5 38. hxg5+ Kxg5 39. Rxe5+ Kf4 40.
Rxe6 {1-0 Swayams,M (2429)-Frick,C (2217)/Sables d'Olonne 2015} 1-0

[Event "Open International des Sables d'Olonne_2"]
[Site "Les Sables d'Olonne ; France"]
[Date "2015.07.15"]
[Round "6.5"]
[White "Safranska, Anda"]
[Black "Colin, Vincent"]
[Result "1-0"]
[WhiteElo "2127"]
[BlackElo "2382"]
[PlyCount "75"]
[EventDate "2015.??.??"]

1. e4 e5 2. Nf3 Nc6 3. Bb5 a6 4. Ba4 Nf6 5. d3 b5 6. Bb3 Bc5 7. O-O d6 8. a4 b4
9. Be3 Nd4 10. Nxd4 exd4 11. Bg5 h6 12. Bh4 g5 13. Bg3 Bg4 14. f3 Bh5 15. Qe1
O-O 16. Nd2 Nd7 17. f4 Kg7 18. fxg5 hxg5 19. Nf3 Qe7 20. Qd2 f6 21. Bf2 Bxf3
22. gxf3 f5 23. exf5 Rxf5 24. Rae1 Ne5 25. Bd5 Raf8 26. Bg3 Qd7 27. f4 gxf4 28.
Rxf4 Rxf4 29. Bxf4 Qg4+ 30. Bg3 Rf6 31. b3 a5 32. Bg2 Ng6 33. Re4 Qd7 34. Qg5
Rf5 35. Qg4 Qf7 36. h4 Kh7 37. Re1 d5 38. Bxc7 1-0

[Event "Open International des Sables d'Olonne_2"]
[Site "Les Sables d'Olonne ; France"]
[Date "2015.07.15"]
[Round "6.6"]
[White "Dubois, Pierre"]
[Black "Lazarev, Vladimir"]
[Result "0-1"]
[WhiteElo "2112"]
[BlackElo "2371"]
[PlyCount "112"]
[EventDate "2015.??.??"]

1. e4 c5 2. Nc3 e6 3. Nge2 a6 4. g3 Nc6 5. Bg2 Nf6 6. O-O Qc7 7. d4 cxd4 8.
Nxd4 d6 9. Re1 Nd7 10. Bg5 Nde5 11. Re2 Bd7 12. Kh1 Rc8 13. Nxc6 bxc6 14. f4 h6
15. fxe5 hxg5 16. Qd2 Be7 17. exd6 Bxd6 18. e5 Bxe5 19. Qxg5 Bxg3 20. Qxg7
Rxh2+ 21. Kg1 Rh5 22. Ne4 Bh2+ 23. Kf1 Rf5+ 24. Ke1 Be5 25. Qg4 Bxb2 26. Rd1
Qa5+ 27. Rdd2 Be5 28. Bh3 Rb8 29. Re3 Bf4 30. Qh4 Rb1+ 31. Ke2 Bxe3 32. Nd6+
Kf8 33. Qh8+ Ke7 34. Nxf5+ exf5 35. Qh4+ Kf8 36. Qh8+ Ke7 37. Qh4+ Ke6 38. Kxe3
Qc3+ 39. Ke2 Rb5 40. Qf4 Re5+ 41. Kf2 Qxh3 42. Rxd7 Qe3+ 43. Qxe3 Rxe3 44. Ra7
Ra3 45. Ke2 Rxa2 46. Kd3 Ra4 47. Rc7 c5 48. Rc6+ Ke5 49. Ke3 f4+ 50. Kf3 Ra3+
51. Ke2 Rc3 52. Kd2 Rc4 53. Rxa6 f3 54. Ra1 Kf4 55. Ra7 f5 56. Rf7 Re4 0-1

[Event "Open International des Sables d'Olonne_2"]
[Site "Les Sables d'Olonne ; France"]
[Date "2015.07.15"]
[Round "6.7"]
[White "Julien, Jules-Alois"]
[Black "Burri, Quentin"]
[Result "0-1"]
[WhiteElo "2106"]
[BlackElo "2292"]
[PlyCount "88"]
[EventDate "2015.??.??"]

1. e4 c5 2. Nf3 d6 3. d4 cxd4 4. Nxd4 Nf6 5. Nc3 a6 6. Be3 e5 7. Nde2 Be7 8. h3
h5 9. g3 Be6 10. Bg2 Nbd7 11. O-O Rc8 12. Nd5 Nxd5 13. exd5 Bf5 14. Rc1 g6 15.
c4 O-O 16. b4 b6 17. Rc3 a5 18. a3 Qc7 19. Nc1 Nf6 20. f4 axb4 21. axb4 Qd7 22.
fxe5 dxe5 23. c5 bxc5 24. bxc5 Rfd8 25. c6 Qc7 26. Rb3 Rb8 27. Rxb8 Rxb8 28.
Nb3 Rd8 29. Nc5 Qb6 30. Qc1 Nxd5 31. Bxd5 Rxd5 32. Ne6 Qb8 33. Nc5 Qc8 34. Na4
Bxh3 35. Nb6 Qg4 36. Kh2 Bxf1 37. Qxf1 Rd8 38. c7 Rf8 39. Qa6 h4 40. c8=Q Qxg3+
41. Kh1 Rxc8 42. Qxc8+ Kg7 43. Bg1 Qf3+ 44. Kh2 Bg5 0-1

[Event "Open International des Sables d'Olonne_2"]
[Site "Les Sables d'Olonne ; France"]
[Date "2015.07.15"]
[Round "6.8"]
[White "Chargelegue, Thomas"]
[Black "Hutois, Mickael"]
[Result "0-1"]
[WhiteElo "2094"]
[BlackElo "2279"]
[PlyCount "56"]
[EventDate "2015.??.??"]

1. e4 e5 2. Nf3 Nc6 3. Bb5 a6 4. Ba4 Nf6 5. O-O Be7 6. Re1 b5 7. Bb3 O-O 8. c3
d5 9. exd5 Nxd5 10. Nxe5 Nxe5 11. Rxe5 c6 12. d4 Bd6 13. Re1 Qh4 14. g3 Qh3 15.
Qe2 Bg4 16. Qf1 Qh5 17. Nd2 f5 18. f3 Bh3 19. Qf2 Kh8 20. Nf1 f4 21. g4 Qg5 22.
Nd2 Nf6 23. Kh1 Rae8 24. Ne4 Rxe4 25. fxe4 Nxg4 26. Qf3 Qh4 27. Re2 Bf1 28. Rc2
Bd3 0-1

[Event "Open International des Sables d'Olonne_2"]
[Site "Les Sables d'Olonne ; France"]
[Date "2015.07.15"]
[Round "7.1"]
[White "Riff, Jean-Noel"]
[Black "Lagarde, Maxime"]
[Result "1/2-1/2"]
[WhiteElo "2502"]
[BlackElo "2544"]
[Annotator "Violeau,Jean-Luc"]
[PlyCount "20"]
[EventDate "2015.??.??"]

1. e4 e6 2. d4 d5 3. Nc3 dxe4 4. Nxe4 Bd7 5. Nf3 Bc6 6. Bd3 Nd7 7. O-O Be7 8.
Qe2 Ngf6 9. c3 O-O 10. Re1 Nxe4 {1/2-1/2 Riff,J (2502)-Lagarde,M (2544)/Sables
d'Olonne 2015} 1/2-1/2

[Event "Open International des Sables d'Olonne_2"]
[Site "Les Sables d'Olonne ; France"]
[Date "2015.07.15"]
[Round "7.2"]
[White "Burri, Quentin"]
[Black "Demuth, Adrien"]
[Result "0-1"]
[WhiteElo "2292"]
[BlackElo "2531"]
[Annotator "Violeau,Jean-Luc"]
[PlyCount "70"]
[EventDate "2015.??.??"]

1. e4 c5 2. Nf3 d6 3. d4 cxd4 4. Nxd4 Nf6 5. Nc3 Nc6 6. Bg5 e6 7. Qd2 a6 8.
O-O-O Nxd4 9. Qxd4 Be7 10. f4 b5 11. Be2 Bb7 12. Bf3 Rc8 13. e5 Bxf3 14. exf6
gxf6 15. gxf3 Rc4 16. Qa7 fxg5 17. Qxa6 Rxf4 18. Qxb5+ Qd7 19. Qb8+ Qd8 20.
Qb5+ Kf8 21. Qd3 Qa5 22. Ne2 Rh4 23. a3 Kg7 24. c3 Rb8 25. Rd2 d5 26. Qe3 Qc7
27. Rf1 h6 28. Rd4 Bc5 29. f4 Bxd4 30. Qxd4+ Kg8 31. Qf6 Qb6 32. fxg5 Qxb2+ 33.
Kd1 Qb1+ 34. Nc1 Qg6 35. Qf2 hxg5 {0-1 Burri,Q (2292)-Demuth,A (2531)/Sables
d'Olonne 2015} 0-1

[Event "Open International des Sables d'Olonne_2"]
[Site "Les Sables d'Olonne ; France"]
[Date "2015.07.15"]
[Round "7.3"]
[White "Flachet, Thierry"]
[Black "Swayams, Mishra"]
[Result "1/2-1/2"]
[WhiteElo "2100"]
[BlackElo "2429"]
[Annotator "Violeau,Jean-Luc"]
[PlyCount "105"]
[EventDate "2015.??.??"]

1. Nf3 Nf6 2. c4 b6 3. g3 Bb7 4. Bg2 c5 5. O-O g6 6. b3 Bg7 7. Bb2 O-O 8. d4
cxd4 9. Nxd4 Bxg2 10. Kxg2 d5 11. cxd5 Qxd5+ 12. Nf3 Qb7 13. Kg1 Nc6 14. e3
Rfd8 15. Qe2 Ne4 16. Bxg7 Kxg7 17. Na3 f6 18. Rac1 Nb4 19. Nd4 Kh8 20. Rc4 a5
21. Rfc1 Ng5 22. h4 Rxd4 23. hxg5 Rxc4 24. Nxc4 fxg5 25. a3 Na6 26. Qg4 Rf8 27.
Qd4+ Kg8 28. Nxb6 Qf3 29. Qd5+ Qxd5 30. Nxd5 e6 31. Rc6 exd5 32. Rxa6 Rb8 33.
Rxa5 Rxb3 34. Rxd5 Rxa3 35. Rxg5 Kf7 36. Rb5 Kf6 37. Kg2 g5 38. g4 Ra6 39. Rf5+
Kg6 40. e4 h5 41. gxh5+ Kxh5 42. Kg3 Ra3+ 43. f3 Rb3 44. Rf8 Rb1 45. Kf2 Rb3
46. Kg3 Rb1 47. Rf6 Ra1 48. e5 Re1 49. e6 Re2 50. Kh3 g4+ 51. fxg4+ Kg5 52.
Rf5+ Kg6 53. Rb5 {1/2-1/2 Flachet,T (2100)-Swayams,M (2429)/Sables d'Olonne
2015} 1/2-1/2

[Event "Open International des Sables d'Olonne_2"]
[Site "Les Sables d'Olonne ; France"]
[Date "2015.07.15"]
[Round "7.4"]
[White "Lazarev, Vladimir"]
[Black "Safranska, Anda"]
[Result "1-0"]
[WhiteElo "2371"]
[BlackElo "2127"]
[Annotator "Violeau,Jean-Luc"]
[PlyCount "73"]
[EventDate "2015.??.??"]

1. d4 d5 2. c4 e6 3. Nc3 Nf6 4. cxd5 exd5 5. Bg5 Be7 6. e3 h6 7. Bh4 Nbd7 8.
Qc2 c6 9. Bd3 O-O 10. Nge2 Re8 11. f3 Nf8 12. O-O g6 13. Rad1 Kg7 14. Kh1 N8h7
15. h3 Ng5 16. Bf2 Be6 17. e4 Qd7 18. Nf4 Bb4 19. e5 Ng8 20. Nxe6+ Qxe6 21. f4
Bxc3 22. bxc3 Ne4 23. Bxe4 dxe4 24. c4 h5 25. d5 cxd5 26. cxd5 Qa6 27. Qxe4 Nh6
28. a4 Rac8 29. Rc1 Nf5 30. Kg1 h4 31. Rfd1 b6 32. Rxc8 Qxc8 33. d6 Qe6 34. Qd5
Qxd5 35. Rxd5 Rc8 36. d7 Rd8 37. a5 {1-0 Lazarev,V (2371)-Safranska,A (2127)/
Sables d'Olonne 2015} 1-0

[Event "Open International des Sables d'Olonne_2"]
[Site "Les Sables d'Olonne ; France"]
[Date "2015.07.15"]
[Round "7.5"]
[White "Hutois, Mickael"]
[Black "Tolibayev, Timur"]
[Result "1-0"]
[WhiteElo "2279"]
[BlackElo "1919"]
[PlyCount "77"]
[EventDate "2015.??.??"]

1. e4 e5 2. Nf3 Nf6 3. d3 Nc6 4. g3 d5 5. Nbd2 Bc5 6. h3 Be6 7. Bg2 dxe4 8.
dxe4 Qd7 9. Ng5 O-O-O 10. Nxe6 Qxe6 11. O-O Nxe4 12. Bxe4 Qxh3 13. Bxc6 bxc6
14. Qf3 f5 15. Nb3 Bb6 16. Be3 e4 17. Qg2 Qg4 18. Bxb6 axb6 19. f3 Qg6 20. fxe4
fxe4 21. Rae1 Rhe8 22. Re3 Re5 23. Rfe1 Rde8 24. Nd2 Qe6 25. Rxe4 Rxe4 26. Qxe4
Qxe4 27. Rxe4 Rd8 28. Nf3 Rd1+ 29. Kf2 Ra1 30. a3 Ra2 31. Re7 Rxb2 32. Ne1 b5
33. Rxg7 c5 34. Rxh7 b4 35. axb4 cxb4 36. Ke3 b3 37. cxb3 Rxb3+ 38. Nd3 c5 39.
Rh5 1-0

[Event "Open International des Sables d'Olonne_2"]
[Site "Les Sables d'Olonne ; France"]
[Date "2015.07.15"]
[Round "7.6"]
[White "Le Roux, Jean-Pierre"]
[Black "Mignard, Gregory"]
[Result "1-0"]
[WhiteElo "2572"]
[BlackElo "1870"]
[PlyCount "63"]
[EventDate "2015.??.??"]

1. d4 Nf6 2. Nf3 g6 3. c4 Bg7 4. g3 O-O 5. Bg2 c6 6. O-O d5 7. b3 a5 8. Nc3 Bf5
9. Bb2 Ne4 10. Nh4 Nxc3 11. Bxc3 Be6 12. Qd3 Na6 13. a3 a4 14. bxa4 dxc4 15.
Qc2 Rb8 16. Rfd1 Qc7 17. a5 Qc8 18. e4 Rd8 19. Rab1 Bh3 20. Nf3 Bxg2 21. Kxg2
Nc7 22. a4 Ne6 23. h3 Rd7 24. Rb4 Qd8 25. Rxc4 c5 26. d5 Bxc3 27. Qxc3 Ra8 28.
Ne5 Ra6 29. Re1 Nf8 30. Rxc5 Rdd6 31. Rb1 Rdb6 32. Rc8 1-0

[Event "Open International des Sables d'Olonne_2"]
[Site "Les Sables d'Olonne ; France"]
[Date "2015.07.15"]
[Round "7.7"]
[White "Le Pen, Steven"]
[Black "Tirard, Hugo"]
[Result "0-1"]
[WhiteElo "1961"]
[BlackElo "2453"]
[PlyCount "56"]
[EventDate "2015.??.??"]

1. e4 c5 2. Nf3 Nc6 3. d4 cxd4 4. Nxd4 Nf6 5. Nc3 e5 6. Ndb5 d6 7. Bg5 a6 8.
Na3 b5 9. Bxf6 gxf6 10. Nd5 Bg7 11. Bd3 Ne7 12. Nxe7 Qxe7 13. O-O f5 14. c4 O-O
15. Qf3 b4 16. Nc2 f4 17. Nxb4 Rb8 18. Nd5 Qg5 19. Qe2 Re8 20. b4 Re6 21. Qf3
Rh6 22. Be2 Rh3 23. g3 f5 24. Bd3 fxg3 25. fxg3 f4 26. Kg2 Bg4 27. Qf2 Rf8 28.
Qe1 Qh5 0-1

[Event "Open International des Sables d'Olonne_2"]
[Site "Les Sables d'Olonne ; France"]
[Date "2015.07.15"]
[Round "7.8"]
[White "Imperor, Lorene"]
[Black "Daurelle, Herve"]
[Result "0-1"]
[WhiteElo "1937"]
[BlackElo "2167"]
[Annotator "Violeau,Jean-Luc"]
[PlyCount "92"]
[EventDate "2015.??.??"]

1. d4 Nf6 2. c4 e6 3. Nc3 c5 4. d5 exd5 5. cxd5 d6 6. Nf3 g6 7. Nd2 Bg7 8. Nc4
O-O 9. Bg5 h6 10. Bf4 Ne8 11. Qc1 g5 12. Bd2 Nd7 {(=)} 13. h4 f6 14. e4 Ne5 15.
Nxe5 dxe5 16. a4 Nd6 17. Be2 Bd7 18. Be3 b6 19. f3 Qe8 20. b3 Rc8 21. Ra2 Rf7
22. g4 Bf8 23. Rc2 c4 24. Qb2 cxb3 25. Qxb3 Nb7 26. Nb5 Nc5 27. Qa2 a6 28. Bxc5
Bxc5 29. Rxc5 axb5 30. Rc2 bxa4 31. hxg5 hxg5 32. Bc4 Rh7 33. d6+ Kg7 34. Rxh7+
Kxh7 35. Rh2+ Kg7 36. Rh5 Qg6 37. Be6 Rc1+ 38. Kd2 Rg1 39. Rh2 Qe8 40. Bc4 b5
41. Bd3 Qg8 42. Qb2 Qc8 43. Qa3 b4 44. Qxb4 Qc1+ 45. Ke2 a3 46. Bc4 Qc2+ 0-1

[Event "Open International des Sables d'Olonne_2"]
[Site "Les Sables d'Olonne ; France"]
[Date "2015.07.16"]
[Round "8.1"]
[White "Demuth, Adrien"]
[Black "Lazarev, Vladimir"]
[Result "1-0"]
[WhiteElo "2531"]
[BlackElo "2371"]
[Annotator "Violeau,Jean-Luc"]
[PlyCount "77"]
[EventDate "2015.??.??"]

1. d4 Nf6 2. c4 e6 3. Nf3 d5 4. Nc3 Bb4 5. Qb3 c5 6. dxc5 Qa5 7. cxd5 Nxd5 8.
Bd2 Nxc3 9. a3 Nc6 10. Rc1 Nxe2 11. Bxe2 Bxd2+ 12. Nxd2 Nd4 13. Qe3 Nxe2 14.
Qxe2 Bd7 15. O-O O-O 16. Qe3 Bc6 17. Nc4 Qc7 18. b4 Bd5 19. Rfd1 Rfd8 20. Nd6
a6 21. Rc3 b6 22. h4 bxc5 23. bxc5 Rab8 24. h5 h6 25. Rd4 Rd7 26. Rg4 Kh8 27.
Qd4 f6 28. Rcg3 Qd8 29. Rg6 Qf8 30. Kh2 Rc7 31. Qf4 e5 32. Qe3 Rb3 33. Qd2 Rxg3
34. Rxg3 Be6 35. Qa5 Rc6 36. Qb4 f5 37. Rg6 Qd8 38. Rxe6 Kh7 39. Rxe5 {1-0
Demuth,A (2531)-Lazarev,V (2371)/Sables d'Olonne 2015} 1-0